00642nam a22002177a 4500003001100000005001700011008004100028040003900069041000800108082001600116100001800132245001700150260005400167300001200221650003600233650002600269650001600295942000700311952009100318999001500409LK-CoMWRAF20240106125611.0240106b |||||||| |||| 00| 0 eng d aLK-CoMWRAFdLK-CoMWRAFeLK-CoMWRAF aeng a297.22bASA aAsadi, Kamber a Body & soul aDubai:bAhl-ul Bait Islamic Foundation, c[19--?] a 116 p. aMuslim pilgrims and pilgrimages aReligious life- Islam aSoul- Islam cBK 00104070aMAINbMAINd2024-01-06l0o297.22 ASApRAF4682r2024-01-06w2024-01-06yBK c4595d4595